Abstracting and indexing (Record no. 997)

MARC details
000 -LEADER
fixed length control field 00480nam a2200181Ia 4500
020 ## - INTERNATIONAL STANDARD BOOK NUMBER
ISBN 0-85157-411-4
082 ## - DEWEY DECIMAL CLASSIFICATION NUMBER
Classification number 025.48 ROW-;
100 ## - MAIN ENTRY--AUTHOR NAME
Personal name Rowley, Jennifer E.
245 #0 - TITLE STATEMENT
Title Abstracting and indexing
260 ## - PUBLICATION, DISTRIBUTION, ETC. (IMPRINT)
Place of publication London
Name of publisher Clive Bingley
Year of publication 1982
300 ## - PHYSICAL DESCRIPTION
Number of Pages 181p.
504 ## - BIBLIOGRAPHY, ETC. NOTE
Bibliography, etc Includes index
650 ## - SUBJECT ADDED ENTRY--TOPICAL TERM
Topical Term Indexing - Study and teaching
650 ## - SUBJECT ADDED ENTRY--TOPICAL TERM
Topical Term Library science
650 ## - SUBJECT ADDED ENTRY--TOPICAL TERM
Topical Term Abstracting and indexing services
650 ## - SUBJECT ADDED ENTRY--TOPICAL TERM
Topical Term Abstracting - Study and teaching
942 ## - ADDED ENTRY ELEMENTS (KOHA)
Koha item type Books
Holdings
Withdrawn status Lost status Damaged status Not for loan Home library Current library Date acquired Bill Date Full call number Accession Number Price effective from Koha item type
        NASSDOC Library NASSDOC Library 08/06/2004 2004-10-22 025.48 ROW-; 28307 18/04/2019 Books